| 000 | 00792nam a2200205Ia 4500 | ||
|---|---|---|---|
| 003 | GCL | ||
| 008 | 140319s9999 xx 000 0 ara d | ||
| 040 |
_aGCL / _cGCL |
||
| 082 | 0 | 4 |
_a819 _bج خ |
| 100 | 1 | _aجعفر بن قدامة : ابوالقاسم بن قدامة بن زياد | |
| 245 | 1 | 0 |
_aالخراج وصناعة الكتابة / _cجعفر بن قدامة : ابوالقاسم بن قدامة بن زياد |
| 700 | 1 | _aمحمد حسين الزبيدى ( شرح ) | |
| 260 |
_aالعراق : _bدار الرشيد ، _c1981 |
||
| 300 |
_a623 ص ؛ _c22 سم |
||
| 490 |
_aسلسلة كتب التراث 110 _v0 |
||
| 650 | 0 | 4 | _aالادب العربى |
| 650 | 0 | 4 | _aالبلاغة العربية |
| 650 | 0 | 4 | _aالدولة العباسية الثانية |
| 942 |
_2ddc _cBK |
||
| 999 |
_c33540 _d33540 |
||